[Event "LSS No Engine Cup 116 Preliminary 2"]
[Site "LSS email"]
[Date "2014.08.22"]
[Round "?"]
[White "Digiglio, Rafael"]
[Black "Callow, Christopher"]
[Result "0-1"]
[WhiteElo "720"]
[BlackElo "1967"]
[PlyCount "62"]
[EventDate "2014.08.23"]
[EventType "tourn (corr)"]
[EventRounds "6"]
[EventCountry "GER"]
[SourceTitle "Corr 2015"]
[Source "ChessBase"]
[SourceDate "2015.07.17"]
[SourceVersion "1"]
[SourceVersionDate "2015.07.17"]
[SourceQuality "1"]

1. Nf3 Nf6 2. Nc3 g6 3. e4 d6 4. d4 Bg7 5. Bg5 0-0 6. Bc4 c6 7. e5 dxe5 8. dxe5 Qxd1+ 9. Rxd1 Ng4 10. Bxe7 Re8 11. h3 Nxe5 12. Nxe5 Bxe5 13. 0-0 b5 14. Bxf7+ Kxf7 15. Bb4 a5 16. Bc5 Bxc3 17. bxc3 Be6 18. a3 Nd7 19. Be3 Ne5 20. f4 Nc4 21. Bc5 Rad8 22. Rde1 Rd5 23. Bf2 Nd2 24. Rxe6 Rxe6 25. Rc1 Nc4 26. a4 Rd2 27. Be1 Rde2 28. Kf1 Rxe1+ 29. Rxe1 Rxe1+ 30. Kxe1 bxa4 31. Kd1 a3 0-1

[Event "LSS No Engine Cup 116 Preliminary 2"]
[Site "LSS email"]
[Date "2014.08.22"]
[Round "?"]
[White "Rojas Sagredo, Fernando"]
[Black "Callow, Christopher"]
[Result "0-1"]
[WhiteElo "1030"]
[BlackElo "1967"]
[PlyCount "84"]
[EventDate "2014.08.23"]
[EventType "tourn (corr)"]
[EventRounds "6"]
[EventCountry "GER"]
[SourceTitle "Corr 2015"]
[Source "ChessBase"]
[SourceDate "2015.07.17"]
[SourceVersion "1"]
[SourceVersionDate "2015.07.17"]
[SourceQuality "1"]

1. e4 e5 2. Nf3 Nc6 3. Bb5 a6 4. Ba4 Nf6 5. 0-0 Be7 6. Re1 b5 7. Bb3 0-0 8. d4 d6 9. c3 Bg4 10. Be3 exd4 11. Bxd4 Nxd4 12. cxd4 c5 13. dxc5 dxc5 14. e5 Qxd1 15. Bxd1 Nd5 16. h3 Bf5 17. Nc3 Nxc3 18. bxc3 Rfd8 19. Be2 Be6 20. a3 h6 21. Rad1 Rxd1 22. Bxd1 Bd5 23. Bc2 Rd8 24. Rd1 Bc6 25. Rxd8+ Bxd8 26. Nd2 c4 27. Be4 Bxe4 28. Nxe4 Be7 29. f4 Bxa3 30. Kf1 Kf8 31. Ke2 Ke7 32. f5 Kd7 33. g4 Be7 34. Kd2 Kc6 35. Kc2 Kd5 36. Ng3 Kxe5 37. Kd2 a5 38. Kc2 b4 39. cxb4 axb4 40. Ne2 b3+ 41. Kb2 Bf6 42. Kc3 Ke4+ 0-1

[Event "LSS No Engine Cup 114 Preliminary 4"]
[Site "LSS email"]
[Date "2014.07.18"]
[Round "?"]
[White "Callow, Christopher"]
[Black "Martin, Hector Eduardo Lope"]
[Result "1-0"]
[WhiteElo "1960"]
[BlackElo "981"]
[PlyCount "21"]
[EventDate "2014.07.19"]
[EventType "tourn (corr)"]
[EventRounds "6"]
[EventCountry "GER"]
[SourceTitle "Corr 2015"]
[Source "ChessBase"]
[SourceDate "2015.07.17"]
[SourceVersion "1"]
[SourceVersionDate "2015.07.17"]
[SourceQuality "1"]

1. e4 e5 2. Nf3 Nf6 3. Nxe5 Nxe4 4. Qe2 Qe7 5. Qxe4 d6 6. d4 dxe5 7. dxe5 Nc6 8. Bb5 Bd7 9. Nc3 Qxe5 10. Bxc6 Qxe4+ 11. Bxe4 1-0

[Event "LSS No Engine Cup 114 Preliminary 4"]
[Site "LSS email"]
[Date "2014.07.18"]
[Round "?"]
[White "Losev, Vyacheslav"]
[Black "Callow, Christopher"]
[Result "0-1"]
[WhiteElo "758"]
[BlackElo "1960"]
[PlyCount "46"]
[EventDate "2014.07.19"]
[EventType "tourn (corr)"]
[EventRounds "6"]
[EventCountry "GER"]
[SourceTitle "Corr 2015"]
[Source "ChessBase"]
[SourceDate "2015.07.17"]
[SourceVersion "1"]
[SourceVersionDate "2015.07.17"]
[SourceQuality "1"]

1. e4 c5 2. Nf3 d6 3. Nc3 Nf6 4. Bb5+ Bd7 5. a4 Nc6 6. d3 g6 7. Bg5 Bg7 8. 0-0 0-0 9. h3 a6 10. Bc4 e6 11. Ne2 h6 12. Bh4 g5 13. Bg3 d5 14. e5 Nh5 15. h4 dxc4 16. dxc4 Nxg3 17. fxg3 Nxe5 18. hxg5 hxg5 19. Nc3 Nxc4 20. Rb1 Ne3 21. Qd2 Nxf1 22. Rxf1 Bc6 23. Nxg5 Qxd2 0-1

[Event "LSS No Engine Cup 114 Preliminary 4"]
[Site "LSS email"]
[Date "2014.07.18"]
[Round "?"]
[White "Stadler, Pavel"]
[Black "Callow, Christopher"]
[Result "0-1"]
[WhiteElo "1304"]
[BlackElo "1960"]
[PlyCount "70"]
[EventDate "2014.07.19"]
[EventType "tourn (corr)"]
[EventRounds "6"]
[EventCountry "GER"]
[SourceTitle "Corr 2015"]
[Source "ChessBase"]
[SourceDate "2015.07.17"]
[SourceVersion "1"]
[SourceVersionDate "2015.07.17"]
[SourceQuality "1"]

1. d4 d5 2. c4 c6 3. Nf3 Nf6 4. Nc3 dxc4 5. a4 Bf5 6. e3 e6 7. Bxc4 Bb4 8. 0-0 0-0 9. Qe2 Nbd7 10. e4 Bg6 11. Rd1 Bxc3 12. bxc3 Nxe4 13. Qe3 Nb6 14. Bb3 Nd5 15. Bxd5 exd5 16. Nd2 Re8 17. Nxe4 Rxe4 18. Qg3 Qa5 19. Bd2 h5 20. f3 Re2 21. Be1 Rae8 22. c4 Qb6 23. c5 Qb3 24. h4 Bc2 25. Rdc1 R8e6 26. Qb8+ Kh7 27. Bg3 Bf5 28. Qf4 Rf6 29. Qg5 Qb2 30. Be5 Rg6 31. Qxh5+ Kg8 32. g4 Rxg4+ 33. fxg4 Rg2+ 34. Kh1 Rh2+ 35. Bxh2 Be4+ 0-1

[Event "CP-2013-P-00033"]
[Site "LSS email"]
[Date "2013.09.30"]
[Round "?"]
[White "Callow, Christopher"]
[Black "Yarmolyuk, Yury"]
[Result "1/2-1/2"]
[WhiteElo "1960"]
[BlackElo "2166"]
[PlyCount "118"]
[EventDate "2013.10.01"]
[EventType "tourn (corr)"]
[EventRounds "6"]
[EventCountry "GER"]
[SourceTitle "Corr 2015"]
[Source "ChessBase"]
[SourceDate "2015.07.17"]
[SourceVersion "1"]
[SourceVersionDate "2015.07.17"]
[SourceQuality "1"]

1. e4 e5 2. Nf3 Nf6 3. Nc3 Nc6 4. Bb5 Nd4 5. Ba4 Bc5 6. Nxe5 0-0 7. Nd3 Bb6 8. e5 Ne8 9. 0-0 d6 10. exd6 Nxd6 11. Nd5 Qg5 12. Ne3 N4f5 13. Ne1 Nxe3 14. fxe3 Bg4 15. Nf3 Qh5 16. h3 Be6 17. d4 c6 18. Ne5 Qg5 19. Qf3 Bd5 20. Qg4 Qxg4 21. Nxg4 Rfe8 22. Ne5 Bc7 23. Bb3 Ne4 24. Nd3 Rad8 25. Nf4 Bxb3 26. axb3 a5 27. Ne2 b5 28. c3 f6 29. h4 h5 30. Nf4 Kf7 31. Rf3 g6 32. Nd3 Ra8 33. Nf2 Ng3 34. Bd2 a4 35. bxa4 Rxa4 36. Rxa4 bxa4 37. Nd3 Ne4 38. Be1 Rb8 39. Nb4 Bd6 40. Kf1 Ke6 41. Ke2 Bxb4 42. cxb4 Kd5 43. Kd3 Ra8 44. Rf1 a3 45. bxa3 Rxa3+ 46. Ke2 f5 47. Rh1 Kc4 48. Rg1 Rb3 49. Kf3 Kd3 50. Rh1 Rb2 51. Bg3 Rxb4 52. Rd1+ Nd2+ 53. Kf2 Rb2 54. Bf4 Ke4 55. Kg3 Nb3 56. Bh6 Kd5 57. Rf1 Nd2 58. Ra1 Ne4+ 59. Kh3 Nf2+ 1/2-1/2

[Event "CP-2013-P-00033"]
[Site "LSS email"]
[Date "2013.09.30"]
[Round "?"]
[White "Sheers, Matthew Philip"]
[Black "Callow, Christopher"]
[Result "1/2-1/2"]
[WhiteElo "1786"]
[BlackElo "1960"]
[PlyCount "76"]
[EventDate "2013.10.01"]
[EventType "tourn (corr)"]
[EventRounds "6"]
[EventCountry "GER"]
[SourceTitle "Corr 2015"]
[Source "ChessBase"]
[SourceDate "2015.07.17"]
[SourceVersion "1"]
[SourceVersionDate "2015.07.17"]
[SourceQuality "1"]

1. e4 e5 2. Nf3 Nc6 3. Bb5 a6 4. Ba4 Nf6 5. 0-0 Be7 6. Re1 b5 7. Bb3 0-0 8. a4 b4 9. a5 d6 10. d3 Be6 11. Nbd2 Qc8 12. h3 Rb8 13. Qe2 Nd7 14. Bxe6 fxe6 15. Nb3 Bf6 16. Be3 Qe8 17. d4 exd4 18. Nfxd4 Nxd4 19. Bxd4 Qf7 20. Rf1 Rb5 21. f4 Re8 22. Bxf6 Nxf6 23. e5 Nd5 24. Nd4 Rc5 25. f5 exf5 26. Rxf5 Rxe5 27. Rxe5 dxe5 28. Qxe5 Qe7 29. Ne6 Rc6 30. Qxd5 Qxe6 31. Qd8+ Kf7 32. Rf1+ Kg6 33. Qd3+ Kh6 34. Rf4 Qe1+ 35. Kh2 Re6 36. Qd8 Re7 37. Rf5 Qe3 38. b3 Kg6 1/2-1/2

[Event "LSS No Engine Cup 59 Preliminary 1"]
[Site "LSS email"]
[Date "2012.02.06"]
[Round "?"]
[White "Callow, Christopher"]
[Black "Molina, Vicente Andres"]
[Result "1-0"]
[WhiteElo "1996"]
[BlackElo "830"]
[PlyCount "57"]
[EventDate "2012.02.07"]
[EventType "tourn (corr)"]
[EventRounds "6"]
[EventCountry "GER"]
[SourceTitle "Telechess CBM 165"]
[Source "ChessBase"]
[SourceDate "2015.03.11"]
[SourceVersion "1"]
[SourceVersionDate "2015.03.11"]
[SourceQuality "1"]

1. e4 c5 2. Nf3 d6 3. d4 cxd4 4. Nxd4 Nf6 5. Nc3 a6 6. Bg5 e6 7. f4 Be7 8. Qf3 Qc7 9. 0-0-0 Nc6 10. g4 Nxd4 11. Qf2 e5 12. Bxf6 Bxf6 13. Nd5 Qd8 14. g5 Be7 15. h4 Bg4 16. Rd3 b5 17. f5 Rc8 18. c3 0-0 19. f6 Bxf6 20. gxf6 Bh5 21. Ne7+ Kh8 22. fxg7+ Kxg7 23. Nxc8 Qxc8 24. Rg3+ Bg6 25. h5 f5 26. hxg6 hxg6 27. Qh2 Rh8 28. Qxh8+ Qxh8 29. Rxh8 1-0

[Event "OP-2012-0-02040"]
[Site "LSS email"]
[Date "2012.02.01"]
[Round "?"]
[White "Callow, Christopher"]
[Black "Bauer, Rudolf"]
[Result "0-1"]
[WhiteElo "1992"]
[BlackElo "1515"]
[PlyCount "78"]
[EventDate "2012.01.30"]
[EventType "tourn (corr)"]
[EventRounds "4"]
[EventCountry "GER"]
[SourceTitle "Telechess CBM 153"]
[Source "ChessBase"]
[SourceDate "2013.03.14"]
[SourceVersion "1"]
[SourceVersionDate "2013.03.14"]
[SourceQuality "1"]

1. e4 e5 2. Nf3 Nc6 3. d4 exd4 4. Nxd4 Nf6 5. Nxc6 bxc6 6. Nc3 Bd6 7. Bd3 0-0 8. 0-0 Be5 9. f4 Bd4+ 10. Kh1 d6 11. Qf3 Rb8 12. h3 Nd7 13. Ne2 Bxb2 14. Bxb2 Rxb2 15. Nd4 Bb7 16. Nf5 c5 17. Qg3 g6 18. Nh6+ Kg7 19. Ng4 Nf6 20. Nxf6 Qxf6 21. e5 dxe5 22. fxe5 Qe7 23. Rab1 Rxb1 24. Rxb1 Bd5 25. a4 Re8 26. Re1 c4 27. Bf1 Qb4 28. Rd1 c6 29. Qe3 a5 30. Qd4 Qxa4 31. e6+ Kg8 32. exf7+ Bxf7 33. Ra1 Qb5 34. Kg1 Bd5 35. h4 h5 36. c3 a4 37. Qf6 Kh7 38. Qd4 Re7 39. Ra2 Rg7 0-1

[Event "LSS No Engine Cup 36 Final"]
[Site "LSS email"]
[Date "2011.10.20"]
[Round "?"]
[White "Callow, Christopher"]
[Black "Stepanov, Konstantin Vasiliev"]
[Result "1-0"]
[WhiteElo "2018"]
[BlackElo "2046"]
[PlyCount "45"]
[EventDate "2011.10.21"]
[EventType "tourn (corr)"]
[EventRounds "6"]
[EventCountry "GER"]
[SourceTitle "Telechess CBM 153"]
[Source "ChessBase"]
[SourceDate "2013.03.14"]
[SourceVersion "1"]
[SourceVersionDate "2013.03.14"]
[SourceQuality "1"]

1. e4 e5 2. Nf3 Nc6 3. d4 exd4 4. Nxd4 Bc5 5. Be3 Qf6 6. c3 Nge7 7. Bc4 Ne5 8. Be2 Qg6 9. 0-0 d6 10. f3 0-0 11. Nd2 d5 12. Kh1 Bb6 13. Bf4 f6 14. a4 a5 15. Bg3 Kh8 16. f4 N5c6 17. f5 Qf7 18. Nb5 Ne5 19. c4 dxe4 20. Bxe5 fxe5 21. c5 Nd5 22. Bc4 Bxc5 23. Nxe4 1-0

[Event "LSS No Engine Cup 36 Final"]
[Site "LSS email"]
[Date "2011.10.20"]
[Round "?"]
[White "Tudorache, Marian"]
[Black "Callow, Christopher"]
[Result "1/2-1/2"]
[WhiteElo "2030"]
[BlackElo "2018"]
[PlyCount "57"]
[EventDate "2011.10.21"]
[EventType "tourn (corr)"]
[EventRounds "6"]
[EventCountry "GER"]
[SourceTitle "Telechess CBM 153"]
[Source "ChessBase"]
[SourceDate "2013.03.14"]
[SourceVersion "1"]
[SourceVersionDate "2013.03.14"]
[SourceQuality "1"]

1. e4 e5 2. Nf3 Nc6 3. Bb5 a6 4. Ba4 Nf6 5. 0-0 Be7 6. Re1 b5 7. Bb3 0-0 8. d4 d6 9. c3 Bg4 10. Be3 exd4 11. cxd4 Na5 12. Bc2 c5 13. dxc5 dxc5 14. Nc3 Nc6 15. e5 Qxd1 16. Raxd1 Bxf3 17. exf6 Bxd1 18. fxe7 Bxc2 19. exf8Q+ Rxf8 20. Bxc5 Rc8 21. Nd5 f6 22. Re6 Kf7 23. Rd6 Bf5 24. h3 Be6 25. Nb6 Rc7 26. Na8 Rc8 27. Nb6 Rc7 28. Na8 Rc8 29. Nb6 1/2-1/2

[Event "LSS No Engine Cup 36 Preliminary 4"]
[Site "LSS email"]
[Date "2011.02.04"]
[Round "?"]
[White "Callow, Christopher"]
[Black "Lombardi, Donato"]
[Result "1-0"]
[WhiteElo "2059"]
[BlackElo "856"]
[PlyCount "63"]
[EventDate "2011.02.05"]
[EventType "tourn (corr)"]
[EventRounds "6"]
[EventCountry "GER"]
[SourceTitle "Telechess CBM 151"]
[Source "ChessBase"]
[SourceDate "2012.11.13"]
[SourceVersion "1"]
[SourceVersionDate "2012.11.13"]
[SourceQuality "1"]

1. e4 e6 2. d4 d5 3. Nc3 Nf6 4. e5 Nfd7 5. Nf3 c5 6. dxc5 Bxc5 7. Be3 Nc6 8. Bxc5 Nxc5 9. Bb5 Bd7 10. 0-0 a6 11. Bxc6 bxc6 12. Qd4 Nb7 13. Rfe1 c5 14. Qg4 0-0 15. Ne2 f6 16. Qg3 fxe5 17. Nxe5 Bb5 18. c4 Bd7 19. cxd5 exd5 20. Nf4 Bb5 21. Ne6 Qf6 22. Nxf8 Rxf8 23. a4 Be8 24. Qb3 Qxf2+ 25. Kh1 Nd8 26. Qxd5+ Kh8 27. Qxd8 Bxa4 28. Qd5 Bb5 29. b3 Qf4 30. Qxc5 Qf6 31. Rad1 Be8 32. Rd8 1-0

[Event "LSS No Engine Cup 36 Preliminary 4"]
[Site "LSS email"]
[Date "2011.02.04"]
[Round "?"]
[White "Onem, Cem"]
[Black "Callow, Christopher"]
[Result "1/2-1/2"]
[WhiteElo "1886"]
[BlackElo "2059"]
[PlyCount "82"]
[EventDate "2011.02.05"]
[EventType "tourn (corr)"]
[EventRounds "6"]
[EventCountry "GER"]
[SourceTitle "Telechess CBM 151"]
[Source "ChessBase"]
[SourceDate "2012.11.13"]
[SourceVersion "1"]
[SourceVersionDate "2012.11.13"]
[SourceQuality "1"]

1. e4 e5 2. Nf3 Nc6 3. Bb5 a6 4. Bxc6 dxc6 5. 0-0 f6 6. d4 exd4 7. Nxd4 c5 8. Nb3 Qxd1 9. Rxd1 Bg4 10. f3 Be6 11. Be3 b6 12. Nc3 Bd6 13. a4 Kf7 14. a5 c4 15. Nd4 b5 16. Nxe6 Kxe6 17. Nd5 Ne7 18. f4 Rhe8 19. Kf2 Kf7 20. Kf3 Rad8 21. Nxe7 Rxe7 22. Re1 Red7 23. Rad1 Bb4 24. Rxd7+ Rxd7 25. Ra1 h5 26. h3 g6 27. g4 h4 28. f5 Be7 29. Ke2 g5 30. Kf3 Bd8 31. Ke2 Be7 32. Kf3 c6 33. Ke2 Kg7 34. Kf3 Kf8 35. Ke2 Kf7 36. Kf3 Kf8 37. Ke2 c5 38. Kf3 Kf7 39. Ke2 Kf8 40. Kf3 Kf7 41. Ke2 Kf8 1/2-1/2

[Event "LSS WC-2010-F-00008"]
[Site "LSS email"]
[Date "2010.11.17"]
[Round "?"]
[White "Callow, Christopher"]
[Black "Morin, Stephane"]
[Result "1-0"]
[WhiteElo "1992"]
[BlackElo "1960"]
[PlyCount "21"]
[EventDate "2010.11.23"]
[EventType "tourn (corr)"]
[EventRounds "10"]
[EventCountry "GER"]
[SourceTitle "Corr 2015"]
[Source "ChessBase"]
[SourceDate "2015.07.17"]
[SourceVersion "1"]
[SourceVersionDate "2015.07.17"]
[SourceQuality "1"]

1. e4 Nc6 2. d4 d5 3. Nc3 Nf6 4. e5 Nd7 5. Nf3 Nb6 6. h3 h6 7. Bd3 Nb4 8. 0-0 Nxd3 9. Qxd3 g6 10. Nh4 e6 11. Nf3 1-0

[Event "LSS WC-2010-F-00008"]
[Site "LSS email"]
[Date "2010.11.17"]
[Round "?"]
[White "Gyimesi, Jenoe"]
[Black "Callow, Christopher"]
[Result "1/2-1/2"]
[WhiteElo "2037"]
[BlackElo "1992"]
[PlyCount "73"]
[EventDate "2010.11.23"]
[EventType "tourn (corr)"]
[EventRounds "10"]
[EventCountry "GER"]
[SourceTitle "Telechess CBM 153"]
[Source "ChessBase"]
[SourceDate "2013.03.14"]
[SourceVersion "1"]
[SourceVersionDate "2013.03.14"]
[SourceQuality "1"]

1. e4 e5 2. Nf3 Nc6 3. Bb5 a6 4. Ba4 Nf6 5. 0-0 Be7 6. Nc3 b5 7. Bb3 0-0 8. Re1 d6 9. Nd5 Na5 10. Nxe7+ Qxe7 11. d3 h6 12. Qd2 Nxb3 13. axb3 Nh5 14. d4 Bb7 15. Qd3 exd4 16. Nxd4 Rae8 17. Qd1 Qf6 18. c3 c5 19. Qxh5 cxd4 20. Bd2 Qe6 21. cxd4 Qxb3 22. Qf3 Qxb2 23. Bc3 Qb3 24. d5 f6 25. Rab1 Qa3 26. Qg3 Rc8 27. Bb4 Qxg3 28. hxg3 Rfd8 29. g4 Kf8 30. Rec1 Ke7 31. Ba5 Re8 32. Kf1 Rh8 33. Ke2 Rxc1 34. Rxc1 Rc8 35. Rxc8 Bxc8 36. f3 Ke8 37. Bb4 1/2-1/2

[Event "CP-2010-P-00007"]
[Site "LSS email"]
[Date "2010.09.28"]
[Round "?"]
[White "Callow, Christopher"]
[Black "Reichardt, Markus"]
[Result "1/2-1/2"]
[WhiteElo "2063"]
[BlackElo "1397"]
[PlyCount "64"]
[EventDate "2010.10.01"]
[EventType "tourn (corr)"]
[EventRounds "6"]
[EventCountry "GER"]
[SourceTitle "Telechess CBM 143"]
[Source "ChessBase"]
[SourceDate "2011.07.15"]
[SourceVersion "1"]
[SourceVersionDate "2011.07.15"]
[SourceQuality "1"]

1. e4 c5 2. Nf3 d6 3. d4 cxd4 4. Nxd4 Nf6 5. Nc3 a6 6. Bg5 e6 7. f4 Be7 8. Qf3 Qc7 9. 0-0-0 Nbd7 10. Be2 b5 11. Bxf6 Nxf6 12. e5 Bb7 13. Qg3 dxe5 14. fxe5 Nd7 15. Bf3 0-0 16. Nd5 Bxd5 17. Bxd5 exd5 18. Nf5 Qxe5 19. Qxe5 Nxe5 20. Nxe7+ Kh8 21. Rxd5 f6 22. Rc5 Ra7 23. Nd5 Kg8 24. Rd1 Re8 25. h3 Re6 26. a4 Kf7 27. axb5 axb5 28. b3 Rb7 29. Nb4 Nd7 30. Rc3 Ne5 31. Rd4 g5 32. Kb2 h5 1/2-1/2

[Event "LSS WC-2013-S-00003"]
[Site "LSS email"]
[Date "2010.07.20"]
[Round "?"]
[White "Simmelink, Joop Theo"]
[Black "Callow, Christopher"]
[Result "1/2-1/2"]
[WhiteElo "2155"]
[BlackElo "2067"]
[PlyCount "68"]
[EventDate "2010.07.25"]
[EventType "tourn (corr)"]
[EventRounds "10"]
[EventCountry "GER"]
[SourceTitle "Telechess CBM 143"]
[Source "ChessBase"]
[SourceDate "2011.07.15"]
[SourceVersion "1"]
[SourceVersionDate "2011.07.15"]
[SourceQuality "1"]

1. e4 e5 2. Nf3 Nc6 3. Bb5 a6 4. Ba4 Nf6 5. 0-0 Be7 6. Re1 b5 7. Bb3 0-0 8. c3 d6 9. h3 Bb7 10. d4 Re8 11. Nbd2 Bf8 12. d5 Nb8 13. Nf1 Nbd7 14. N3h2 h6 15. Ng4 Nxg4 16. Qxg4 Nf6 17. Qg3 g6 18. a4 Qe7 19. Qd3 c6 20. Ne3 c5 21. Bc2 c4 22. Qe2 Bg7 23. Ng4 Nxg4 24. Qxg4 Bc8 25. Qe2 Bd7 26. Be3 f5 27. exf5 Bxf5 28. f3 Qh4 29. Qd2 Kh7 30. Bf2 Qe7 31. Bxf5 gxf5 32. Qc2 Qg5 33. Kh1 Qg6 34. Rg1 f4 1/2-1/2

[Event "LSS WC-2009-F-00004"]
[Site "LSS email"]
[Date "2009.11.03"]
[Round "?"]
[White "Callow, Christopher"]
[Black "Jordan, Juergen"]
[Result "0-1"]
[WhiteElo "2058"]
[BlackElo "2192"]
[PlyCount "52"]
[EventDate "2009.11.08"]
[EventType "tourn (corr)"]
[EventRounds "10"]
[EventCountry "GER"]
[SourceTitle "Corr 2013"]
[Source "ChessBase"]
[SourceDate "2012.11.12"]
[SourceVersion "1"]
[SourceVersionDate "2012.11.12"]
[SourceQuality "1"]
[WhiteTeam "US of America"]
[BlackTeam "US of America"]
[WhiteTeamCountry "USA"]
[BlackTeamCountry "USA"]

1. e4 e6 2. d4 d5 3. Nc3 Nf6 4. e5 Nfd7 5. f4 c5 6. Nf3 Nc6 7. Be3 cxd4 8. Nxd4 Bc5 9. Nxc6 bxc6 10. Bxc5 Nxc5 11. Qd4 Qb6 12. b4 Na4 13. Qxb6 axb6 14. Kd2 Ke7 15. Bd3 Bd7 16. Rhf1 c5 17. bxc5 bxc5 18. f5 c4 19. fxe6 fxe6 20. Be2 Rhb8 21. Nxa4 Rxa4 22. Rf3 d4 23. Raf1 Be8 24. Rf8 c3+ 25. Kc1 Rxa2 26. R1f7+ Kd8 0-1

[Event "LSS BI-2008-F-00002"]
[Site "LSS email"]
[Date "2009.03.02"]
[Round "?"]
[White "Callow, Christopher"]
[Black "Norman, Nigel"]
[Result "0-1"]
[WhiteElo "2206"]
[BlackElo "2051"]
[PlyCount "100"]
[EventDate "2009.03.03"]
[EventType "tourn (corr)"]
[EventRounds "10"]
[EventCountry "GER"]
[SourceTitle "Telechess CBM 137"]
[Source "ChessBase"]
[SourceDate "2010.07.15"]
[SourceVersion "1"]
[SourceVersionDate "2010.07.15"]
[SourceQuality "1"]

1. e4 c5 2. Nf3 Nc6 3. d4 cxd4 4. Nxd4 Nf6 5. Nc3 e5 6. Ndb5 d6 7. Nd5 Nxd5 8. exd5 Nb8 9. c4 Be7 10. Be2 0-0 11. 0-0 a6 12. Nc3 f5 13. Qc2 Nd7 14. a3 e4 15. b4 Bf6 16. Bf4 Be5 17. Qd2 Bxf4 18. Qxf4 Ne5 19. c5 Bd7 20. h3 Rc8 21. Rfd1 Qf6 22. Rac1 Rc7 23. h4 Re8 24. h5 Nf7 25. c6 bxc6 26. Bxa6 c5 27. Nb5 Bxb5 28. Bxb5 Rb8 29. a4 c4 30. Bxc4 Rxb4 31. Bb5 Rxc1 32. Qxc1 g5 33. Bd7 Kg7 34. Bxf5 Rxa4 35. Qc2 Rb4 36. Re1 e3 37. fxe3 Rh4 38. Bxh7 Rxh5 39. Rf1 Rh1+ 40. Kxh1 Qxf1+ 41. Kh2 Ne5 42. Bf5 Qe1 43. Qc7+ Kf6 44. Bh3 Nf7 45. Qa7 Qe2 46. Qd4+ Ne5 47. Be6 Qf2 48. Qe4 Kg7 49. Bh3 g4 50. Qf4 Nf3+ 0-1

[Event "LSS BI-2008-F-00002"]
[Site "LSS email"]
[Date "2009.03.02"]
[Round "?"]
[White "Callow, Christopher"]
[Black "Szava, Miklos"]
[Result "0-1"]
[WhiteElo "2206"]
[BlackElo "2157"]
[PlyCount "96"]
[EventDate "2009.03.03"]
[EventType "tourn (corr)"]
[EventRounds "10"]
[EventCountry "GER"]
[SourceTitle "Telechess CBM 137"]
[Source "ChessBase"]
[SourceDate "2010.07.15"]
[SourceVersion "1"]
[SourceVersionDate "2010.07.15"]
[SourceQuality "1"]

1. e4 c5 2. Nf3 d6 3. d4 cxd4 4. Nxd4 Nf6 5. Nc3 a6 6. Be3 e5 7. Nf3 Be7 8. Bc4 0-0 9. 0-0 Be6 10. Bb3 Nc6 11. Qe2 Qc7 12. Rfd1 Rac8 13. Bg5 Na5 14. Rac1 Nxb3 15. axb3 Nh5 16. Be3 Nf6 17. h3 h6 18. Ne1 Rfd8 19. Qf3 b5 20. Qg3 Kh7 21. Nd3 Qb7 22. f3 d5 23. exd5 Nxd5 24. Nxd5 Rxd5 25. c4 bxc4 26. bxc4 Rd7 27. Nxe5 Rxd1+ 28. Rxd1 Qxb2 29. f4 Qc2 30. Rc1 Qb3 31. Kh2 a5 32. Nf3 a4 33. Nd4 Qd3 34. Nxe6 fxe6 35. Bb6 Qxg3+ 36. Kxg3 a3 37. Rc2 Bf6 38. Ra2 Bb2 39. c5 Kg6 40. Kf3 Kf5 41. g4+ Kf6 42. Ke4 g5 43. fxg5+ hxg5 44. Kd3 e5 45. Ke4 Ke6 46. Ba7 Ra8 47. Bb6 Bd4 48. Bc7 Bxc5 0-1

[Event "IECG CM.2009.0.00322"]
[Site "IECG email"]
[Date "2009.03.01"]
[Round "?"]
[White "Sacerdotali, Sergio"]
[Black "Callow, Christopher"]
[Result "1-0"]
[WhiteElo "2096"]
[BlackElo "2288"]
[PlyCount "51"]
[EventDate "2009.03.01"]
[EventType "tourn (corr)"]
[EventRounds "6"]
[SourceTitle "Corr 2024"]
[Source "ChessBase"]
[SourceDate "2023.10.19"]
[SourceVersion "1"]
[SourceVersionDate "2023.10.19"]
[SourceQuality "1"]

1. e4 e5 2. Nf3 Nc6 3. Bb5 a6 4. Bxc6 dxc6 5. 0-0 f6 6. d4 exd4 7. Nxd4 c5 8. Ne2 Qxd1 9. Rxd1 Bd7 10. Be3 0-0-0 11. Nbc3 Bd6 12. Bf4 Bxf4 13. Nxf4 Ne7 14. Rd2 Bg4 15. Rxd8+ Rxd8 16. f3 Bd7 17. Rd1 f5 18. Nh5 g6 19. Nf6 h6 20. Ncd5 Nc6 21. Kf2 fxe4 22. fxe4 Be6 23. Ke3 b6 24. h3 Kb7 25. Rf1 Rf8 26. Nxc7 1-0

[Event "LSS WC-2008-F-00004"]
[Site "LSS email"]
[Date "2008.11.12"]
[Round "?"]
[White "Callow, Christopher"]
[Black "Cabrera Pino, Alexis Gianko"]
[Result "1/2-1/2"]
[WhiteElo "2059"]
[BlackElo "2189"]
[PlyCount "24"]
[EventDate "2008.11.12"]
[EventType "tourn (corr)"]
[EventRounds "10"]
[EventCountry "GER"]
[SourceTitle "Corr 2013"]
[Source "ChessBase"]
[SourceDate "2012.11.12"]
[SourceVersion "1"]
[SourceVersionDate "2012.11.12"]
[SourceQuality "1"]
[WhiteTeam "US of America"]
[BlackTeam "US of America"]
[WhiteTeamCountry "USA"]
[BlackTeamCountry "USA"]

1. e4 c5 2. Nf3 d6 3. d4 cxd4 4. Nxd4 Nf6 5. Nc3 Nc6 6. Bg5 e6 7. Qd2 Be7 8. 0-0-0 Nxd4 9. Qxd4 a6 10. f4 b5 11. Bxf6 gxf6 12. Be2 Rb8 1/2-1/2

[Event "LSS WC-2008-F-00004"]
[Site "LSS email"]
[Date "2008.11.12"]
[Round "?"]
[White "Callow, Christopher"]
[Black "Kireev, Sergey Ivanovich"]
[Result "1/2-1/2"]
[WhiteElo "2230"]
[BlackElo "2253"]
[PlyCount "25"]
[EventDate "2008.11.12"]
[EventType "tourn (corr)"]
[EventRounds "10"]
[EventCountry "GER"]
[SourceTitle "Corr 2013"]
[Source "ChessBase"]
[SourceDate "2012.11.12"]
[SourceVersion "1"]
[SourceVersionDate "2012.11.12"]
[SourceQuality "1"]
[WhiteTeam "US of America"]
[BlackTeam "US of America"]
[WhiteTeamCountry "USA"]
[BlackTeamCountry "USA"]

1. e4 e5 2. Nf3 Nc6 3. d4 exd4 4. Nxd4 Bc5 5. Be3 Qf6 6. c3 Nge7 7. Bc4 0-0 8. 0-0 d6 9. Nxc6 Nxc6 10. Bxc5 dxc5 11. f4 Be6 12. Na3 Rad8 13. Qe2 1/2-1/2